| 000 | 01199nam0a22002411i 4500 | ||
|---|---|---|---|
| 001 | rc\3382115 | ||
| 005 | 20240726013852.0 | ||
| 021 |
_aRU _b[71-20115а] |
||
| 035 | _a(NLR Aleph) 007453148 | ||
| 090 |
_a7237572 _c7237572 |
||
| 100 | _a20130115d1971 |||y0rusy50 ca | ||
| 101 | 0 | _arus | |
| 102 | _aRU | ||
| 105 | _ay d ||||| | ||
| 200 | 1 |
_aИсследование влияния степени нарушенности месторождения и надежности технологических схем на выбор способов подготовки и оптимизацию их параметров в условиях шахт Чурубай-Нуринского и Тентекского районов _e(На примере шахты № 2) _eАвтореф. дис. на соискание учен. степени канд. техн. наук _e(311) _fКараганд. политехн. ин-т |
|
| 210 |
_aКараганда _d1971 |
||
| 215 |
_a20 с. _cграф. |
||
| 320 | _aСписок работ авт.: с. 19-20 (7 назв.) | ||
| 700 | 1 |
_aАканов _bБ. |
|
| 801 | 0 |
_aRU _bNLR _gpsbo |
|
| 801 | 1 |
_aRU _bELAR _2rusmarc |
|
| 852 |
_aNLR _j72-4/7755 |
||
| 942 | _cBOOK | ||